000
00277 a2200121 4500
001
147003
040
_c
Escola São Tomás de Aquino
100
_a
PENNART, Geoffroy
240
1
0
_a
O lobo voltou!
_l
por
245
1
0
_a
O lobo voltou!
697
_a
*LITERATURA INFANTO
942
_c
BK
999
_c
147003
_d
147003